01013cam a2200277 a 45000010005000000030006000050050017000110080041000280100017000690200017000860200018001030400023001210420009001440500021001530820014001741000037001882450109002252500033003342600041003673000039004085200157004476500044006046500033006486500035006816500019007163055FISKH20240201141555.0911119r1992 nyua j 000 1 eng  a 91039632  a0688107826 : a9781853260339 aDLCcDLCdDLCbeng alcac00aPZ7.D76bAf 199200a[Fic]2201 aDoyle, Arthur Conan,d1859-1930.14aThe adventures of Sherlock Holmes /cSir Arthur Conan Doyle ; Introduction and notes by Julian Wolfreys  aThis edition published 1996  aLondon : bBibliophile Books, c1992 a503 pages : Illustrations ; 20 cm  aA collection of Sherlock Holmes mystery adventures, including "A Scandal in Bohemia," "The Red-headed League," and "The Adventure of the Speckled Band." 0aDetective and mystery stories, English. 0aChildren's stories, English. 1aMystery and detective stories. 1aShort stories.